000
00219nam a2200097Ia 4500
008
190216s9999||||xx |||||||||||||| ||und||
100
_a
W Hutchinson
245
0
_a
Electricity And Magnetism
260
_b
Null
942
_c
BK
999
_c
32736
_d
32736